[Event "Winnipeg Gr-B GP final"]
[Site "Winnipeg CAN"]
[Date "2004.11.23"]
[Round "4"]
[White "Cleto, Sam"]
[Black "Zaczek, Jonathon"]
[Result "0-1"]
[WhiteElo "1875"]
[BlackElo "1953"]
[PlyCount "112"]
[GameId "2160767911031908"]
[EventDate "2004.12.??"]
[EventType "tourn"]
[EventRounds "6"]
[EventCountry "CAN"]
[SourceTitle "EXT 2006"]
[Source "ChessBase"]
[SourceDate "2005.11.24"]
[SourceVersion "1"]
[SourceVersionDate "2005.11.24"]
[SourceQuality "1"]

1. c4 c5 2. Nf3 Nf6 3. Nc3 g6 4. d4 cxd4 5. Nxd4 Nc6 6. e4 Nxd4 7. Qxd4 Bg7 8. e5 Ng8 9. c5 f6 10. f4 Nh6 11. Bc4 e6 12. O-O O-O 13. Nb5 Nf5 14. Qe4 a6 15. Nd6 Nxd6 16. exd6 f5 17. Qe1 Bd4+ 18. Be3 Bxe3+ 19. Qxe3 Rb8 20. b4 b6 21. Rac1 bxc5 22. bxc5 Qf6 23. Rb1 Rb2 24. Qe5 Qxe5 25. fxe5 Rc2 26. Rfc1 Rxc1+ 27. Rxc1 Bb7 28. Bxe6+ dxe6 29. c6 Bc8 30. d7 Kf7 31. Rd1 Ke7 32. Kf2 Rd8 33. dxc8=Q Rxc8 34. Rd7+ Ke8 35. Rd6 Ke7 36. Ke3 Rd8 37. c7 Rc8 38. Rc6 Kd7 39. Rd6+ Ke7 40. Rxa6 Rxc7 41. a4 Rc5 42. Kf4 h6 43. Ra7+ Kf8 44. h4 Rc4+ 45. Kg3 Rc5 46. a5 Rxe5 47. a6 Re3+ 48. Kh2 Ra3 49. Ra8+ Kg7 50. a7 e5 51. Kg1 Ra2 52. Kh2 Ra3 53. Kg1 e4 54. Kf2 f4 55. Ke2 Ra2+ 56. Kd1 f3 0-1

[Event "Winnipeg Gr-B GP final"]
[Site "Winnipeg CAN"]
[Date "2004.11.23"]
[Round "4"]
[White "Zhou, Lu"]
[Black "Lauritson, Jim"]
[Result "0-1"]
[WhiteElo "1772"]
[BlackElo "1896"]
[PlyCount "73"]
[GameId "2160767911031909"]
[EventDate "2004.12.??"]
[EventType "tourn"]
[EventRounds "6"]
[EventCountry "CAN"]
[SourceTitle "EXT 2006"]
[Source "ChessBase"]
[SourceDate "2005.11.24"]
[SourceVersion "1"]
[SourceVersionDate "2005.11.24"]
[SourceQuality "1"]

1. e4 c5 2. Nf3 d6 3. d4 cxd4 4. Nxd4 Nf6 5. Nc3 Nc6 6. Be2 e6 7. O-O Be7 8. Be3 a6 9. f4 Qc7 10. Bf3 O-O 11. Qe2 Bd7 12. Nb3 b5 13. a3 Rac8 14. g4 b4 15. axb4 Nxb4 16. g5 Ne8 17. Qg2 Qb8 18. h4 Nc7 19. Nd4 Nb5 20. Ndxb5 Bxb5 21. Rf2 Bc6 22. f5 exf5 23. exf5 Rfe8 24. f6 Bf8 25. h5 Rxe3 26. Bxc6 Nxc6 27. g6 h6 28. gxf7+ Kh8 29. Nd5 Re5 30. fxg7+ Bxg7 31. Rf4 Rg5 32. Rg4 Bd4+ 33. Kh2 Rxh5+ 34. Kg3 Be5+ 35. Kf2 Rh2 36. Qxh2 Bxh2 37. Rh1 0-1

[Event "Winnipeg Gr-B GP final"]
[Site "Winnipeg CAN"]
[Date "2004.11.30"]
[Round "5"]
[White "Lauritson, Jim"]
[Black "Zaczek, Jonathon"]
[Result "1/2-1/2"]
[WhiteElo "1896"]
[BlackElo "1953"]
[PlyCount "78"]
[GameId "2160767911031910"]
[EventDate "2004.12.??"]
[EventType "tourn"]
[EventRounds "6"]
[EventCountry "CAN"]
[SourceTitle "EXT 2006"]
[Source "ChessBase"]
[SourceDate "2005.11.24"]
[SourceVersion "1"]
[SourceVersionDate "2005.11.24"]
[SourceQuality "1"]

1. e4 c5 2. Nf3 d6 3. d4 cxd4 4. Nxd4 Nf6 5. Nc3 a6 6. Be3 e5 7. Nb3 Be6 8. Qd2 Nbd7 9. Rd1 Be7 10. Be2 O-O 11. O-O Nc5 12. f3 Qc7 13. Qe1 Rfd8 14. Qf2 Rac8 15. Rd2 Nxb3 16. axb3 d5 17. Bb6 Qc6 18. Rfd1 d4 19. Bxd8 Bxd8 20. Nb1 d3 21. cxd3 Bb6 22. d4 Bxb3 23. Rf1 Bxd4 24. Rxd4 exd4 25. Qxd4 Qc2 26. Bd1 Qc4 27. Qd2 h6 28. Bxb3 Qxb3 29. Rd1 Qc2 30. Nc3 Qxd2 31. Rxd2 Kf8 32. Kf2 Ke7 33. e5 Nd7 34. f4 f6 35. Nd5+ Ke6 36. exf6 Nxf6 37. Nxf6 Kxf6 38. g4 Rc6 39. Kg3 Rb6 1/2-1/2

[Event "Winnipeg Gr-B GP final"]
[Site "Winnipeg CAN"]
[Date "2004.11.30"]
[Round "5"]
[White "Zhou, Lu"]
[Black "Cleto, Sam"]
[Result "0-1"]
[WhiteElo "1772"]
[BlackElo "1875"]
[PlyCount "56"]
[GameId "2160767911031911"]
[EventDate "2004.12.??"]
[EventType "tourn"]
[EventRounds "6"]
[EventCountry "CAN"]
[SourceTitle "EXT 2006"]
[Source "ChessBase"]
[SourceDate "2005.11.24"]
[SourceVersion "1"]
[SourceVersionDate "2005.11.24"]
[SourceQuality "1"]

1. e4 c5 2. Nf3 Nc6 3. d4 cxd4 4. Nxd4 Nf6 5. Nc3 e5 6. Ndb5 d6 7. Bg5 a6 8. Na3 b5 9. Nd5 Be6 10. Bxf6 gxf6 11. c3 Bg7 12. Bd3 f5 13. Qf3 O-O 14. O-O f4 15. Qh5 Kh8 16. Kh1 Rg8 17. g3 Bf8 18. gxf4 Bg4 19. Qxg4 Rxg4 20. f3 Rg8 21. Nc2 Bh6 22. Nce3 Bxf4 23. Nf5 Qg5 24. Rf2 Rg6 25. h4 Rh6 26. Rh2 Qh5 27. Rh3 Rg6 28. a4 bxa4 0-1

[Event "Winnipeg Gr-B GP final"]
[Site "Winnipeg CAN"]
[Date "2004.12.07"]
[Round "6"]
[White "Cleto, Sam"]
[Black "Lauritson, Jim"]
[Result "0-1"]
[WhiteElo "1875"]
[BlackElo "1896"]
[PlyCount "55"]
[GameId "2160767911031912"]
[EventDate "2004.12.??"]
[EventType "tourn"]
[EventRounds "6"]
[EventCountry "CAN"]
[SourceTitle "EXT 2006"]
[Source "ChessBase"]
[SourceDate "2005.11.24"]
[SourceVersion "1"]
[SourceVersionDate "2005.11.24"]
[SourceQuality "1"]

1. Nf3 c5 2. c4 Nf6 3. g3 Nc6 4. Bg2 g6 5. Nc3 Bg7 6. d4 cxd4 7. Nxd4 O-O 8. O-O a6 9. Rb1 Qc7 10. Nf3 d6 11. Be3 Be6 12. b3 Ng4 13. Nd5 Bxd5 14. cxd5 Nxe3 15. fxe3 Nb4 16. Rc1 Qb6 17. Qd2 Bh6 18. Nd4 Nxa2 19. Rc4 Rac8 20. Rxc8 Rxc8 21. Kh1 Nb4 22. h4 Qc5 23. h5 Qc3 24. Qd1 Qxe3 25. Qe1 Qxd4 26. hxg6 hxg6 27. e3 Bxe3 28. Bh3 0-1

[Event "Winnipeg Gr-B GP final"]
[Site "Winnipeg CAN"]
[Date "2004.12.07"]
[Round "6"]
[White "Zaczek, Jonathon"]
[Black "Zhou, Lu"]
[Result "1-0"]
[WhiteElo "1953"]
[BlackElo "1772"]
[PlyCount "61"]
[GameId "2160767911031913"]
[EventDate "2004.12.??"]
[EventType "tourn"]
[EventRounds "6"]
[EventCountry "CAN"]
[SourceTitle "EXT 2006"]
[Source "ChessBase"]
[SourceDate "2005.11.24"]
[SourceVersion "1"]
[SourceVersionDate "2005.11.24"]
[SourceQuality "1"]

1. e4 e6 2. d4 d5 3. Nc3 Nf6 4. Bg5 Be7 5. e5 Nfd7 6. h4 h6 7. Qh5 Rg8 8. Bxe7 Qxe7 9. O-O-O a6 10. f4 c5 11. Nf3 c4 12. f5 Nf8 13. g4 b5 14. f6 gxf6 15. Qxh6 Rxg4 16. exf6 Qc7 17. Ne5 Rg8 18. Be2 Nc6 19. Nxf7 Rg6 20. Nd6+ Qxd6 21. Bh5 Kd8 22. Bxg6 Nxg6 23. Qxg6 Bb7 24. Rhf1 Kc7 25. h5 b4 26. Na4 c3 27. Nc5 cxb2+ 28. Kxb2 Kb6 29. Qf7 Rb8 30. Qxe6 Qg3 31. Rd3 1-0

[Event "Winnipeg Gr-C GP final"]
[Site "Winnipeg CAN"]
[Date "2004.11.02"]
[Round "1"]
[White "Hogeveen Rutter, Alexander"]
[Black "Degroot, Stephen"]
[Result "0-1"]
[WhiteElo "1739"]
[BlackElo "1635"]
[PlyCount "71"]
[GameId "2160767911031914"]
[EventDate "2004.12.??"]
[EventType "tourn"]
[EventRounds "6"]
[EventCountry "CAN"]
[SourceTitle "EXT 2006"]
[Source "ChessBase"]
[SourceDate "2005.11.24"]
[SourceVersion "1"]
[SourceVersionDate "2005.11.24"]
[SourceQuality "1"]

1. e4 c5 2. Nf3 e6 3. d4 cxd4 4. Nxd4 Nc6 5. c4 a6 6. Nc3 Qc7 7. Be2 Bb4 8. Be3 Nf6 9. f3 Ne5 10. Qb3 Bxc3+ 11. Qxc3 O-O 12. O-O d5 13. exd5 exd5 14. c5 Nc6 15. Bd3 Re8 16. a3 Ne5 17. Bf4 Nh5 18. Bxe5 Rxe5 19. Rae1 Rxe1 20. Rxe1 Bd7 21. Re7 Kf8 22. Nf5 Re8 23. Rxe8+ Bxe8 24. g4 Nf6 25. b4 Qf4 26. Kg2 Bd7 27. h3 h5 28. Bc2 Bxf5 29. Bxf5 d4 30. Qd3 h4 31. Kf2 Nd5 32. Be4 Qg3+ 33. Kf1 Ne3+ 34. Ke2 Qg2+ 35. Ke1 Qg1+ 36. Ke2 0-1

[Event "Winnipeg Gr-C GP final"]
[Site "Winnipeg CAN"]
[Date "2004.11.09"]
[Round "2"]
[White "Degroot, Stephen"]
[Black "Milord, Frank"]
[Result "0-1"]
[WhiteElo "1635"]
[BlackElo "1506"]
[PlyCount "56"]
[GameId "2160767911031915"]
[EventDate "2004.12.??"]
[EventType "tourn"]
[EventRounds "6"]
[EventCountry "CAN"]
[SourceTitle "EXT 2006"]
[Source "ChessBase"]
[SourceDate "2005.11.24"]
[SourceVersion "1"]
[SourceVersionDate "2005.11.24"]
[SourceQuality "1"]

1. e4 e5 2. Nf3 Nc6 3. Bb5 a6 4. Ba4 Nf6 5. O-O b5 6. Bb3 Bc5 7. Re1 Bb7 8. c3 Bb6 9. d4 d6 10. Bg5 Qe7 11. a4 O-O 12. Nh4 exd4 13. Nf5 Qe5 14. cxd4 Bxd4 15. Nxd4 Qxg5 16. axb5 Nxd4 17. Qxd4 Bxe4 18. Rxe4 Nxe4 19. f4 Qc5 20. Qxc5 Nxc5 21. Bd5 Ra7 22. Nc3 Nd3 23. bxa6 Nb4 24. Bc4 c6 25. Ra4 Rb8 26. Ne2 d5 27. Ba2 Nxa2 28. Rxa2 Rb6 0-1

[Event "Winnipeg Gr-C GP final"]
[Site "Winnipeg CAN"]
[Date "2004.11.09"]
[Round "2"]
[White "Hogeveen Rutter, Alexander"]
[Black "Gannon, Keith"]
[Result "1-0"]
[WhiteElo "1739"]
[BlackElo "1561"]
[PlyCount "71"]
[GameId "2160767911031916"]
[EventDate "2004.12.??"]
[EventType "tourn"]
[EventRounds "6"]
[EventCountry "CAN"]
[SourceTitle "EXT 2006"]
[Source "ChessBase"]
[SourceDate "2005.11.24"]
[SourceVersion "1"]
[SourceVersionDate "2005.11.24"]
[SourceQuality "1"]

1. e4 e6 2. d4 b6 3. c4 Bb7 4. Nc3 g6 5. Nf3 Bg7 6. Bf4 d6 7. d5 e5 8. Be3 Nd7 9. Bd3 Ngf6 10. O-O O-O 11. b4 a5 12. a3 Ng4 13. Qb3 Nxe3 14. fxe3 axb4 15. axb4 Bh6 16. Kf2 Nf6 17. h3 Qd7 18. c5 Rxa1 19. Rxa1 bxc5 20. bxc5 Ba8 21. Ra7 Rd8 22. Qa3 Qe8 23. Rxc7 dxc5 24. Bb5 Nxe4+ 25. Ke1 Qf8 26. Nxe4 Bxd5 27. Nf6+ Kg7 28. Nxd5 Rxd5 29. Bc4 Qd8 30. Rxf7+ Kxf7 31. e4 Qb8 32. Bxd5+ Ke7 33. Qxc5+ Kd7 34. Qc6+ Ke7 35. Qe6+ Kd8 36. Qg8+ 1-0

[Event "Winnipeg Gr-C GP final"]
[Site "Winnipeg CAN"]
[Date "2004.11.16"]
[Round "3"]
[White "Milord, Frank"]
[Black "Hogeveen Rutter, Alexander"]
[Result "0-1"]
[WhiteElo "1506"]
[BlackElo "1739"]
[PlyCount "94"]
[GameId "2160767911031917"]
[EventDate "2004.12.??"]
[EventType "tourn"]
[EventRounds "6"]
[EventCountry "CAN"]
[SourceTitle "EXT 2006"]
[Source "ChessBase"]
[SourceDate "2005.11.24"]
[SourceVersion "1"]
[SourceVersionDate "2005.11.24"]
[SourceQuality "1"]

1. e4 c5 2. Nf3 Nc6 3. d4 cxd4 4. Nxd4 e6 5. Be3 Nf6 6. Nc3 Bb4 7. Bd3 Qa5 8. Qd2 Bxc3 9. Qxc3 Qxc3+ 10. bxc3 a6 11. Nxc6 bxc6 12. Bc5 Kd8 13. Rb1 Ne8 14. e5 d6 15. exd6 Kd7 16. Bc4 Nf6 17. Bd3 Ne8 18. Be4 f5 19. Bf3 e5 20. g3 e4 21. Bg2 Ke6 22. Rd1 Rb8 23. c4 Rb2 24. a3 Rxc2 25. Bf1 Nf6 26. h3 Nd7 27. Bd4 Rd8 28. c5 Nxc5 29. Bxg7 Rxd6 30. Bh6 Nd3+ 31. Bxd3 Rxd3 32. Rc1 Rxc1+ 33. Bxc1 h5 34. Ke2 c5 35. Rd1 c4 36. Rxd3 exd3+ 37. Ke3 Ke5 38. Bd2 Bd7 39. Bc3+ Kd5 40. Kf4 Kc5 41. Kg5 Kb5 42. Kxh5 Ka4 43. Kg5 Kb3 44. h4 Kxc3 45. h5 d2 46. h6 d1=Q 47. h7 Qd4 0-1

[Event "Winnipeg Gr-C GP final"]
[Site "Winnipeg CAN"]
[Date "2004.11.23"]
[Round "4"]
[White "Degroot, Stephen"]
[Black "Hogeveen Rutter, Alexander"]
[Result "0-1"]
[WhiteElo "1635"]
[BlackElo "1739"]
[PlyCount "96"]
[GameId "2160767911031918"]
[EventDate "2004.12.??"]
[EventType "tourn"]
[EventRounds "6"]
[EventCountry "CAN"]
[SourceTitle "EXT 2006"]
[Source "ChessBase"]
[SourceDate "2005.11.24"]
[SourceVersion "1"]
[SourceVersionDate "2005.11.24"]
[SourceQuality "1"]

1. e4 c5 2. Nf3 Nc6 3. d4 cxd4 4. Nxd4 e6 5. Nc3 Nf6 6. Be3 d6 7. Be2 Be7 8. O-O e5 9. Nb3 Be6 10. Bf3 O-O 11. h3 Rc8 12. Qd2 a6 13. Rad1 b5 14. Kh1 Qc7 15. a3 Rfd8 16. Nd5 Bxd5 17. exd5 e4 18. Be2 Ne5 19. c3 Nc4 20. Bxc4 bxc4 21. Nc1 Rb8 22. f3 Rb5 23. Qf2 exf3 24. Qxf3 Rxb2 25. Bd4 Qa5 26. g4 Qxd5 27. Bxf6 Qxf3+ 28. Rxf3 Bxf6 29. Re3 Bg5 30. Ree1 Bxc1 31. Rxd6 Ra8 32. Rxa6 Rbb8 33. Rxa8 Rxa8 34. Rxc1 Rxa3 35. Rc2 f5 36. Kg2 fxg4 37. hxg4 Kf7 38. Kf3 Kf6 39. Kf4 h6 40. Rc1 Ra2 41. Ke4 Rg2 42. Kf3 Rd2 43. Kf4 Rd3 44. Rc2 g5+ 45. Ke4 Rg3 46. Rf2+ Ke6 47. Re2 Rxg4+ 48. Kf3+ Kf5 0-1

[Event "Winnipeg Gr-C GP final"]
[Site "Winnipeg CAN"]
[Date "2004.11.23"]
[Round "4"]
[White "Milord, Frank"]
[Black "Gannon, Keith"]
[Result "1-0"]
[WhiteElo "1506"]
[BlackElo "1561"]
[PlyCount "97"]
[GameId "2160767911031919"]
[EventDate "2004.12.??"]
[EventType "tourn"]
[EventRounds "6"]
[EventCountry "CAN"]
[SourceTitle "EXT 2006"]
[Source "ChessBase"]
[SourceDate "2005.11.24"]
[SourceVersion "1"]
[SourceVersionDate "2005.11.24"]
[SourceQuality "1"]

1. d4 d5 2. c4 e6 3. Nc3 Nf6 4. cxd5 exd5 5. Bg5 Be7 6. e3 c6 7. Bd3 Nbd7 8. Qc2 Qc7 9. Nge2 O-O 10. Bxh7+ Nxh7 11. Bxe7 Re8 12. Bh4 Ndf6 13. Bg3 Qa5 14. O-O Ne4 15. Nxe4 Rxe4 16. Nc3 Re8 17. Be5 g6 18. Qe2 b6 19. Rfe1 Qa6 20. Qf3 Qb7 21. h4 Qd7 22. e4 Bb7 23. g4 Re6 24. g5 Rf8 25. exd5 cxd5 26. Qg3 Qd8 27. Rac1 a6 28. Nd1 f6 29. gxf6 Rfxf6 30. Ne3 Rf7 31. Ng4 Kf8 32. Rc3 b5 33. Rec1 Ke8 34. f4 Kf8 35. Nh6 Rd7 36. f5 Rxe5 37. Qxe5 Qf6 38. Qxf6+ Nxf6 39. Rc7 Kg7 40. Rxd7+ Nxd7 41. Rc7 Kxh6 42. Rxb7 Nf8 43. f6 Kh5 44. Rf7 Ne6 45. Rh7+ Kg4 46. f7 Kg3 47. Kf1 Kf4 48. Rh8 Ke4 49. Re8 1-0

[Event "Winnipeg Gr-C GP final"]
[Site "Winnipeg CAN"]
[Date "2004.11.30"]
[Round "5"]
[White "Gannon, Keith"]
[Black "Hogeveen Rutter, Alexander"]
[Result "1/2-1/2"]
[WhiteElo "1561"]
[BlackElo "1739"]
[PlyCount "117"]
[GameId "2160767911031920"]
[EventDate "2004.12.??"]
[EventType "tourn"]
[EventRounds "6"]
[EventCountry "CAN"]
[SourceTitle "EXT 2006"]
[Source "ChessBase"]
[SourceDate "2005.11.24"]
[SourceVersion "1"]
[SourceVersionDate "2005.11.24"]
[SourceQuality "1"]

1. d4 d5 2. Nf3 Nf6 3. Nc3 Bg4 4. e3 c5 5. Bb5+ Nc6 6. h3 cxd4 7. Bxc6+ bxc6 8. exd4 Bxf3 9. Qxf3 c5 10. dxc5 e5 11. Bg5 e4 12. Qf4 Be7 13. O-O O-O 14. Rfd1 Qb8 15. Qxb8 Raxb8 16. b3 Rfd8 17. c6 Rbc8 18. Rab1 d4 19. Bxf6 Bxf6 20. Nxe4 Be7 21. Rd3 Rxc6 22. c4 f5 23. Ng3 g6 24. Ne2 Re6 25. Kf1 Bf6 26. Nf4 Ra6 27. Nd5 Bg7 28. a4 Kf7 29. Re1 Rd7 30. Nb4 Re6 31. Rxe6 Kxe6 32. Nc2 a5 33. Na3 Bf8 34. Nb5 Ke5 35. Ke2 Bb4 36. g4 fxg4 37. hxg4 Kf4 38. Rxd4+ Rxd4 39. Nxd4 Kxg4 40. f3+ Kf4 41. Ne6+ Ke5 42. Ng5 h5 43. Ne4 h4 44. Nf2 Kd4 45. Ne4 Be7 46. Kf2 g5 47. Kg2 Ke5 48. c5 Kd5 49. Kh3 Bxc5 50. Nxg5 Be7 51. Kxh4 Kc5 52. Kg4 Kb4 53. Ne6 Kxb3 54. Nd4+ Kxa4 55. Nc6 Bd6 56. Kf5 Kb5 57. Nxa5 Kxa5 58. f4 Bxf4 59. Kxf4 1/2-1/2

[Event "Winnipeg Gr-C GP final"]
[Site "Winnipeg CAN"]
[Date "2004.11.30"]
[Round "5"]
[White "Milord, Frank"]
[Black "Degroot, Stephen"]
[Result "1-0"]
[WhiteElo "1506"]
[BlackElo "1635"]
[PlyCount "81"]
[GameId "2160767911031921"]
[EventDate "2004.12.??"]
[EventType "tourn"]
[EventRounds "6"]
[EventCountry "CAN"]
[SourceTitle "EXT 2006"]
[Source "ChessBase"]
[SourceDate "2005.11.24"]
[SourceVersion "1"]
[SourceVersionDate "2005.11.24"]
[SourceQuality "1"]

1. d4 Nf6 2. c4 g6 3. Nc3 Bg7 4. e4 d6 5. Be2 O-O 6. Nf3 e5 7. O-O Nc6 8. d5 Ne7 9. Ne1 Nd7 10. Be3 f5 11. f3 Nf6 12. b4 f4 13. Bf2 g5 14. Nd3 Rf7 15. c5 Bf8 16. Rc1 Ng6 17. cxd6 cxd6 18. Nb5 a6 19. Na3 h5 20. Nc4 b5 21. Nb6 Rb8 22. Nxc8 Rxc8 23. Rxc8 Qxc8 24. Qd2 Rc7 25. Rc1 Rxc1+ 26. Qxc1 Ne7 27. Qxc8 Nxc8 28. Nc1 Nd7 29. Nb3 Kf7 30. Na5 Ncb6 31. Be1 Ke8 32. Nc6 Nc8 33. a4 bxa4 34. Bxa6 Ndb6 35. Bb5 Kf7 36. Bc3 a3 37. Kf1 Ne7 38. Ke1 Nexd5 39. exd5 Nxd5 40. Bc4 Ke6 41. b5 1-0

[Event "Winnipeg Gr-C GP final"]
[Site "Winnipeg CAN"]
[Date "2004.12.07"]
[Round "6"]
[White "Degroot, Stephen"]
[Black "Gannon, Keith"]
[Result "1-0"]
[WhiteElo "1635"]
[BlackElo "1561"]
[PlyCount "97"]
[GameId "2160767911031922"]
[EventDate "2004.12.??"]
[EventType "tourn"]
[EventRounds "6"]
[EventCountry "CAN"]
[SourceTitle "EXT 2006"]
[Source "ChessBase"]
[SourceDate "2005.11.24"]
[SourceVersion "1"]
[SourceVersionDate "2005.11.24"]
[SourceQuality "1"]

1. e4 c5 2. Nf3 d6 3. d4 cxd4 4. Nxd4 Nf6 5. Nc3 a6 6. Bg5 e6 7. f4 Be7 8. Qf3 h6 9. Bh4 Nbd7 10. Bc4 Nb6 11. Bb3 d5 12. e5 Nfd7 13. Bxe7 Qxe7 14. O-O-O Nc5 15. f5 Nxb3+ 16. axb3 Qg5+ 17. Kb1 exf5 18. Nxd5 Nxd5 19. Qxd5 O-O 20. e6 fxe6 21. Nxe6 Bxe6 22. Qxe6+ Kh8 23. Qd5 b6 24. Rhf1 Rad8 25. Qf3 Rxd1+ 26. Rxd1 Qf6 27. c4 Qe7 28. Rd5 g6 29. Qd3 a5 30. Ka2 Re8 31. Rd7 Qe5 32. g3 Qf6 33. Qd5 Qe6 34. Qb7 Qf6 35. Rh7+ Kg8 36. Rxh6 Qg7 37. Qd5+ Kf8 38. Qd6+ Kf7 39. Rh4 Re6 40. Qd5 Kf6 41. Rf4 Qc7 42. Qd4+ Qe5 43. Qd8+ Kf7 44. Rh4 Qg7 45. Qc7+ Kf6 46. Qd8+ Qe7 47. Qd4+ Kf7 48. Rh7+ Kf8 49. Qh8# 1-0

[Event "Winnipeg Gr-C GP final"]
[Site "Winnipeg CAN"]
[Date "2004.12.07"]
[Round "6"]
[White "Hogeveen Rutter, Alexander"]
[Black "Milord, Frank"]
[Result "1-0"]
[WhiteElo "1739"]
[BlackElo "1506"]
[PlyCount "47"]
[GameId "2160767911031923"]
[EventDate "2004.12.??"]
[EventType "tourn"]
[EventRounds "6"]
[EventCountry "CAN"]
[SourceTitle "EXT 2006"]
[Source "ChessBase"]
[SourceDate "2005.11.24"]
[SourceVersion "1"]
[SourceVersionDate "2005.11.24"]
[SourceQuality "1"]

1. e4 e5 2. Nf3 Nc6 3. Bb5 a6 4. Ba4 Nf6 5. O-O b5 6. Bb3 Bb7 7. Re1 Bc5 8. c3 Bb6 9. d4 d6 10. Bg5 Qe7 11. Nh4 exd4 12. Nf5 Qf8 13. cxd4 O-O-O 14. Nc3 Ne7 15. Bxf6 gxf6 16. Nxe7+ Qxe7 17. Nd5 Bxd5 18. Bxd5 h5 19. Rc1 Kb8 20. Rc6 Qd7 21. a4 b4 22. Qd3 Qc8 23. a5 Ba7 24. Rxa6 1-0

[Event "Winnipeg Gr-D GP final"]
[Site "Winnipeg CAN"]
[Date "2004.11.02"]
[Round "1"]
[White "Anderson, George"]
[Black "Reimer, Bruce"]
[Result "1-0"]
[WhiteElo "1411"]
[BlackElo "1382"]
[PlyCount "53"]
[GameId "2160767911031924"]
[EventDate "2004.12.??"]
[EventType "tourn"]
[EventRounds "6"]
[EventCountry "CAN"]
[SourceTitle "EXT 2006"]
[Source "ChessBase"]
[SourceDate "2005.11.24"]
[SourceVersion "1"]
[SourceVersionDate "2005.11.24"]
[SourceQuality "1"]

1. e4 d6 2. b3 Nf6 3. Nc3 g6 4. Bb2 Bg7 5. Rb1 e5 6. h3 O-O 7. Be2 c6 8. h4 h5 9. Nf3 Bh6 10. d3 Bg4 11. Bc1 Kg7 12. Bg5 Bxf3 13. Bxf3 Bxg5 14. hxg5 Nh7 15. Bxh5 gxh5 16. Qxh5 Rh8 17. Qh6+ Kg8 18. g6 fxg6 19. Qxg6+ Kf8 20. Rxh7 Rxh7 21. Qxh7 Qe7 22. Qf5+ Qf7 23. g4 Nd7 24. Ke2 Kg7 25. Rh1 Nf6 26. g5 Nh5 27. Qxf7+ 1-0

[Event "Winnipeg Gr-D GP final"]
[Site "Winnipeg CAN"]
[Date "2004.11.02"]
[Round "1"]
[White "Kohalmi, Andy"]
[Black "Liebzeit, Mick"]
[Result "1-0"]
[WhiteElo "1622"]
[BlackElo "1565"]
[PlyCount "93"]
[GameId "2160767911031925"]
[EventDate "2004.12.??"]
[EventType "tourn"]
[EventRounds "6"]
[EventCountry "CAN"]
[SourceTitle "EXT 2006"]
[Source "ChessBase"]
[SourceDate "2005.11.24"]
[SourceVersion "1"]
[SourceVersionDate "2005.11.24"]
[SourceQuality "1"]

1. d4 Nf6 2. c4 g6 3. g3 Bg7 4. Bg2 O-O 5. Nf3 d6 6. Nc3 Nbd7 7. O-O e5 8. e4 a5 9. h3 h6 10. Re1 Re8 11. Be3 b6 12. Qc2 Bb7 13. Rad1 Qe7 14. Nb5 Rac8 15. Nc3 Kh7 16. Re2 Nf8 17. d5 c5 18. dxc6 Rxc6 19. b3 Rec8 20. Nd5 Nxd5 21. exd5 Rc5 22. Bxc5 Rxc5 23. Ne1 f5 24. Qd2 Qf7 25. Nd3 Rc7 26. Nb2 Re7 27. Na4 Nd7 28. Nc3 Ba6 29. Na4 h5 30. Rde1 Bh6 31. f4 Bg7 32. Nxb6 Nxb6 33. Qxa5 Bxc4 34. bxc4 Nxc4 35. Qb4 Rc7 36. Rc2 Nb6 37. Rc6 Rxc6 38. dxc6 Qa7 39. Kh1 exf4 40. Qxd6 Nc4 41. Qxf4 Qa5 42. Re7 Qc5 43. Qc7 Qd4 44. Rxg7+ Qxg7 45. Qxg7+ Kxg7 46. c7 Nd6 47. Bb7 1-0

[Event "Winnipeg Gr-D GP final"]
[Site "Winnipeg CAN"]
[Date "2004.11.09"]
[Round "2"]
[White "Anderson, George"]
[Black "Kohalmi, Andy"]
[Result "0-1"]
[WhiteElo "1411"]
[BlackElo "1622"]
[PlyCount "110"]
[GameId "2160767911031926"]
[EventDate "2004.12.??"]
[EventType "tourn"]
[EventRounds "6"]
[EventCountry "CAN"]
[SourceTitle "EXT 2006"]
[Source "ChessBase"]
[SourceDate "2005.11.24"]
[SourceVersion "1"]
[SourceVersionDate "2005.11.24"]
[SourceQuality "1"]

1. e4 c5 2. b4 cxb4 3. a3 Nf6 4. e5 Nd5 5. Bc4 e6 6. Nf3 Qc7 7. Bxd5 exd5 8. d4 Qc4 9. axb4 Bxb4+ 10. Bd2 Nc6 11. c3 Be7 12. Bg5 O-O 13. Bxe7 Nxe7 14. Nfd2 Qd3 15. Qe2 Qg6 16. O-O a5 17. f4 b6 18. Qf3 Ba6 19. Rf2 f5 20. Na3 Rac8 21. Rb1 Rc7 22. Nb5 Bxb5 23. Rxb5 Rfc8 24. Nb1 Rc4 25. Rfb2 R8c6 26. R2b3 Qe6 27. Ra3 d6 28. Nd2 dxe5 29. Nxc4 e4 30. Qe3 Rxc4 31. Rab3 Nc8 32. Kf2 Qc6 33. Qh3 g6 34. g4 a4 35. Rb2 Rxc3 36. Qh4 Rc2+ 37. Rxc2 Qxc2+ 38. Ke1 Qc1+ 39. Kf2 Qxf4+ 40. Ke1 Qe3+ 41. Kf1 Qd3+ 42. Ke1 Qxb5 43. gxf5 Qe8 44. f6 Nd6 45. Qg5 Nf5 46. h4 h6 47. Qf4 e3 48. h5 Qf8 49. Qe5 Qf7 50. hxg6 Qxg6 51. Qxd5+ Kf8 52. Qd8+ Qe8 53. Qxb6 Qd7 54. Ke2 Qxd4 55. Qe6 Qd2+ 0-1

[Event "Winnipeg Gr-D GP final"]
[Site "Winnipeg CAN"]
[Date "2004.11.09"]
[Round "2"]
[White "Reimer, Bruce"]
[Black "Liebzeit, Mick"]
[Result "1/2-1/2"]
[WhiteElo "1382"]
[BlackElo "1565"]
[PlyCount "66"]
[GameId "2160767911031927"]
[EventDate "2004.12.??"]
[EventType "tourn"]
[EventRounds "6"]
[EventCountry "CAN"]
[SourceTitle "EXT 2006"]
[Source "ChessBase"]
[SourceDate "2005.11.24"]
[SourceVersion "1"]
[SourceVersionDate "2005.11.24"]
[SourceQuality "1"]

1. c4 Nf6 2. g3 g6 3. Bg2 Bg7 4. Nc3 O-O 5. e4 d6 6. Nge2 e5 7. O-O c5 8. d3 Nc6 9. f4 Bg4 10. h3 Bxe2 11. Nxe2 Nd4 12. Nxd4 cxd4 13. fxe5 dxe5 14. Qf3 h6 15. Bxh6 Nxe4 16. Qxe4 Bxh6 17. Qxe5 Qb6 18. Bd5 Be3+ 19. Kh1 Rad8 20. Rf6 Rxd5 21. cxd5 Qb5 22. Raf1 Qd7 23. g4 Bh6 24. Qd6 Qb5 25. Rxf7 Rxf7 26. Qxg6+ Rg7 27. Qxh6 Qxd5+ 28. Kg1 Qe5 29. Qf4 Qc5 30. Qc1 Qd6 31. Qc8+ Kh7 32. Qf5+ Kg8 33. Qc8+ Kh7 1/2-1/2